• 首页
  • 本馆介绍
  • 公告通知
  • 最新文献
  • 馆藏检索
  • 电子资源
  • 读者导购
  • 参考咨询
  • 我的图书馆
  • 登录
  • 详细信息显示
  • 放入我的书架
  • 预约/预借图书
  • 作者相关作品
  • 分类相关作品
  • 丛书相关作品
  • 出版社相关作品

书目信息

  • 表格格式
  • 工作单格式
  • 卡片格式
题名:
科威特简史
    
 
作者: 盖德里·盖勒阿吉 ;北京大学东语系阿拉伯语教研室
分册:  
出版信息:   北京人民  1973
页数: 268页
开本: 20cm
丛书名:
单 册:
中图分类: K338
科图分类:
主题词: 东南亚--历史
电子资源:
ISBN:
000 00700nam0 2200193 450
001 0753865015
005 20070818145745.01
010    @d¥0.82
100    @a20070818d km y0chiy0120 ea
101 0  @achi
200 1  @a科威特简史@Ake wei te jian shi@f(黎巴嫩)盖德里.盖勒阿吉@F(li ba nen)gai de li.gai le a ji@g北京大学东语系阿拉伯语教研室@Gbei jing da xue dong yu xi a la bo yu jiao yan shi
210    @c北京人民@d1973
215    @a268页@d20cm
606 0  @a东南亚@x历史
690    @aK338@v3
701  0 @a盖德里·盖勒阿吉@Agai de li·gai le a ji
702  0 @a北京大学东语系阿拉伯语教研室@Abei jing da xue dong yu xi a la bo yu jiao yan shi
801  0 @aCN@bPFT@c20070818
905    @a213230@dK338@ee27@f1
    
    科威特简史/(黎巴嫩)盖德里.盖勒阿吉/北京大学东语系阿拉伯语教研室.-北京人民,1973
    268页;20cm
    
    
    ISBN :¥0.82
    
●
相关链接 在E读中查询图书 在五车中查询图书 在当当中查询图书 在豆瓣中查询图书


正题名:科威特简史     索取号:K338/e27         预约/预借

序号 登录号 条形码 馆藏地/架位号 状态 备注
1 6303779   263037797   教育系资料室/ [索取号:K338/e27] 在馆    
唐山师范学院图书馆 欢迎您!
大连网信软件有限公司© 版权所有